Szczegóły MARC21

Trójkąt bermudzki Güntera Grassa /

003 -Nazwa inst., której nr kontr. jest w polu 001 [,]
    • @
    • Nazwa instytucji, której n kontrolny jest w polu 001
    • NUKAT
005 -DATA I CZAS OSTATNIEJ MODYFIKACJI [,]
    • @
    • pole kontrolne
    • 20241231114453.0
040 -Instytucja sporządzająca opis [ , ]
    • a
    • Instytucja, która sporządziła opis (NP)
    • POZN U/AnK
    • c
    • Instytucja, która sporządziła rekord (NP)
    • POZN U/AnK
    • d
    • Instytucja, która zmodyfikowała rekord (P)
    • POZN U/JG
    • d
    • Instytucja, która zmodyfikowała rekord (P)
    • POZN U/JŁs
942 -Rodzaj dokumentu [ , ]
    • c
    • Rodzaj dokumentu
    • Książka
245 -Strefa tytułu i oznaczenia odpowiedzialności [0,0]
    • a
    • Tytuł
    • Trójkąt bermudzki Güntera Grassa / Find
    • c
    • Pozostałe elementy strefy tytułu i oznaczenia odpowiedzialności (NP)
    • pod red. Marii Janion i Wacława Maksymowicza.
260 -Strefa adresu wydawniczego [ , ]
    • a
    • Miejsce wydania (P)
    • Warszawa :
    • b
    • Nazwa wydawcy (P)
    • Zrzeszenie Studentów Polskich :
    • b
    • Nazwa wydawcy (P)
    • Centralny Klub Studentów UW "Hybrydy",
    • c
    • Data wydania (P)
    • cop. 1984.
300 -Strefa opisu fizycznego [ , ]
    • a
    • Określenie formy książki i/lub objętość (NP)
    • 87, [1] :
    • b
    • Oznaczenie ilustracji (NP)
    • il. ;
    • c
    • Format (NP)
    • 20 cm.
336 -Typ zawartości [ , ]
    • a
    • Termin opisujący typ zawartości
    • Tekst
    • b
    • Kod określający zawartość
    • txt
    • 2
    • Źródło (terminu i kodu)
    • rdacontent
337 -Typ mediów [ , ]
    • a
    • Tryb odtwarzania
    • Bez urządzenia pośredniczącego
    • b
    • Kod typu mediów
    • n
    • 2
    • Źródło (terminu i kodu)
    • rdamedia
338 -Typ/rodzaj nośnika [ , ]
    • a
    • Hasło opisujące typ nośnika
    • Wolumin
    • b
    • Kod typu nośnika
    • nc
    • 2
    • Źródło (terminu i kodu)
    • rdacarrier
504 -Uwaga dot. bibliogr. załącznikowej [ , ]
    • a
    • Uwaga dot. bibliografii załącznikowej
    • Bibliogr. s. 81-[88].
080 -Uniwersalna Klasyfikacja Dziesiętna [ , ]
    • a
    • Symbol klasyfikacji
    • 830(091)"196/198"Grass G.(082.1)
080 -Uniwersalna Klasyfikacja Dziesiętna [ , ]
    • a
    • Symbol klasyfikacji
    • +82-82
600 -Hasło przedmiotowe w formie nazwy osobowej [1,7]
    • a
    • Nazwa osobowa
    • Grass, Günter
    • d
    • Daty związane z nazwą
    • (1927-2015).
    • 2
    • Źródło terminu
    • kaba
    • 9
    • KHW
    • 236475
600 -Hasło przedmiotowe w formie nazwy osobowej [1,7]
    • a
    • Nazwa osobowa
    • Grass, Günter
    • d
    • Daty związane z nazwą
    • (1927-2015)
    • x
    • Określnik rzeczowy
    • w prasie
    • v
    • Określnik formalny
    • bibliografia.
    • 2
    • Źródło terminu
    • kaba
    • 9
    • KHW
    • 632378
980 -Symbol UKD [ , ]
    • a
    • UKD
    • 830(091)"196/198"Grass G.(082.1)+82-82
700 -Hasło dodatkowe - nazwa osobowa [1, ]
    • a
    • Nazwa osobowa (NP)
    • Janion, Maria Find
    • d
    • Daty biograficzne (NP)
    • (1926-2020).
    • e
    • Określenie rodzaju współpracy
    • Red.
    • 9
    • KHW
    • 20858
700 -Hasło dodatkowe - nazwa osobowa [1, ]
    • a
    • Nazwa osobowa (NP)
    • Maksymowicz, Wacław Find
    • d
    • Daty biograficzne (NP)
    • (1948-2016).
    • e
    • Określenie rodzaju współpracy
    • Red.
    • 9
    • KHW
    • 632183
Lokalizacja Data inwentaryzacji Status udost. Numer inwentarzowy Sygnatura
BG2000-02-12-3W.130581W.130581
BG2000-02-121Z.62931Z.62931
BM2000-02-12-3G.94Germ. Literaturozn. - Grass 01